000 00376nam a2200157Ia 4500
008 240729s9999 xx 000 0 und d
022 _a2079-6447
245 0 _aColorants
260 _aSwitzerland
260 _bMDPI AG
650 _a Chemistry
650 _aScience
856 _uhttps://doaj.org/toc/461a1a41f0b14b808cac81a005e95873
942 _2ddc
942 _cDOAJEJ
999 _c72989
_d72989
945 _a1
_bMadushi Gamage
_c1
_dMadushi Gamage